| 000 | 00351nam a22001457a 4500 | ||
|---|---|---|---|
| 003 | OSt | ||
| 005 | 20160727222416.0 | ||
| 008 | 160625b xxu||||| |||| 00| 0 eng d | ||
| 040 | _cTEST | ||
| 100 |
_91132 _aSumer Book Depot |
||
| 245 | _aPhysics Part -II Class VII | ||
| 260 |
_aNEW DELHI _bSBD |
||
| 300 | _aPhysics Part -II Class VII | ||
| 942 |
_2ddc _cBK |
||
| 999 |
_c916 _d916 |
||